00429nam a2200133Ia 450000500170000000800410001702000180005808200200007610000570009624500700015326000250022330000110024844000360025920241004091932.0240126s9999 xx 000 0 und d a9783319343310 a006.6 SZE;1 R aSze, Vivienne. Budagavi, Madhukar. Sullivan, Gary J. 0aHigh efficiency video coding (HEVC): algorithms and architectures bSpingeraSwitzerland ax, 375 aIntegrated circuits and systems